MARC

Tag First Indicator Second Indicator Subfields
LEADER 00000cam a2200000Ii 4500
001 in00004095949
005 20191126154322.0
008 840307s1745 enk 000 0 eng d
035 |a (OCoLC)ocn221367762 
040 |a AU@  |b eng  |c AU@  |d OCLCQ  |d GBVCP  |d OCLCF  |d OCLCO  |d OCLCQ  |d OCL  |d TXA 
035 |a (OCoLC)221367762 
043 |a e-uk---  |a e-uk-st 
045 2 |b d1743  |b d1745 
050 4 |a DA814.A3  |b W43 1745b 
082 0 4 |a 942.07  |2 20 
084 |a 7,25  |2 ssgn 
049 |a TXAM 
100 1 |a Webb, Philip Carteret,  |d 1700-1770. 
245 1 0 |a Remarks on the Pretender's declaration and commission. 
264 1 |a London :  |b Printed by E. Say in Warwick-Lane ; and sold at the Pamphlet-Shops at the Royal-Exchange, Temple-Bar, Charing-Cross, and in the Court of Request,  |c M DCC XLV. [1745] 
300 |a 30 pages ;  |c 21 cm (octavo) 
336 |a text  |b txt  |2 rdacontent 
337 |a unmediated  |b n  |2 rdamedia 
338 |a volume  |b nc  |2 rdacarrier 
500 |a Anonymous. By Philip Webb. 
500 |a Errata on page 2. 
500 |a Vignette on title page; initial; head- and end-pieces. 
500 |a The Cushing Library/Rare Books copy was acquired as part of the Lois Goddard Morrison Collection of Eighteenth Century Literature.  |5 TXA 
500 |a The Cushing Library/Rare Books copy lacks the additional 8 pages mentioned in ESTC.  |5 TXA 
510 4 |a English short title catalogue,  |c T46829 
510 4 |a Hennington, B. M. Lois G. Morrison Collection of Eighteenth Century Literature: a checklist,  |c 469 
600 0 0 |a James,  |c Prince of Wales,  |d 1688-1766. 
650 0 |a Jacobite Rebellion, 1745-1746. 
651 0 |a Great Britain  |x Kings and rulers  |x Succession. 
600 0 7 |a James,  |c Prince of Wales,  |d 1688-1766.  |2 fast  |0 (OCoLC)fst00009598 
611 2 7 |a Jacobite Rebellion (1745-1746)  |2 fast  |0 (OCoLC)fst00981043 
650 7 |a Kings and rulers  |x Succession.  |2 fast  |0 (OCoLC)fst00987723 
651 7 |a Great Britain.  |2 fast  |0 (OCoLC)fst01204623 
648 7 |a 1745-1746  |2 fast 
700 1 |a Say, Edward,  |d -1769,  |e printer. 
752 |a England  |d London. 
948 |a cataloged  |b h  |c 2019/11/26  |d c  |e fpiscitelli  |f 12:08:13 pm 
994 |a C0  |b TXA 
999 f f |s 8360b5da-ca32-3bc3-8074-963f73f4f67c  |i f304feac-6ff2-3afd-8997-a24f2e00eb29  |t 0 
952 f f |p noncirc  |a Texas A&M University  |b College Station  |c Cushing Memorial Library & Archives  |d Cushing: Rare Books (Does not check out)  |t 0  |e DA814.A3 W43 1745b  |h Library of Congress classification  |i unmediated -- volume 
998 f f |a DA814.A3 W43 1745b  |t 0  |l Cushing: Rare Books (Does not check out)